000 00512nam a2200181Ia 4500
003 GCL
008 140319s9999 xx 000 0 ara d
040 _aGCL /
_cGCL
082 0 4 _aط
_b813.0872
_bع س
100 1 _aمحمد على قطب
245 1 0 _aسر الدهليز /
_cمحمد على قطب
700 1 _aعبداللطيف عاشور
490 _aتعال يا ولدى نبحث عن
_v0
650 0 4 _aالاطفال
650 0 4 _aالقصص
650 0 4 _aقصص الاطفال
942 _2ddc
_cBK
999 _c42753
_d42753